00829 a2200193 4500001000700000040002200007041001600029082000900045100002700054245002700081250001000108260002100118490001500139520019500154697016500349942000700514952009500521999001900616142481 cLeonardo Da Vinci aPortuguês av219 aEDUCACIONAL SHOP VIDEO aRespiração celular av.1-2 bESVaSão Paulo aTV Ontario aEste vídeo analisa as fontes de energia e mecanismo usado por seres vivos para se sustentarem. São analisadas as conecções entre os processos de respiração e nutrição celular aBiologiaaRespiração celularaSeres VivosaCélulaaEnergiaaGlicose 1aGlicose 2aO ciclo de KrebsaFosforilação oxidativaaMetabolismo e Nutrição cVM 00104070a72.1b72.1d2024-03-27l0ov219pA0228LVAr2024-03-27 22:46:59w2024-03-27yVM c142481d142481